Astro navigation:admiralty manual of navigation, Vol. 2 / (Record no. 2977)

000 -LEADER
fixed length control field 00378nam a22001217a 4500
008 - FIXED-LENGTH DATA ELEMENTS--GENERAL INFORMATION
fixed length control field 200318b ||||| |||| 00| 0 eng d
110 ## - MAIN ENTRY--CORPORATE NAME
9 (RLIN) 2570
Corporate name or jurisdiction name as entry element Royal Navy, Great Britain.
245 10 - TITLE STATEMENT
Title Astro navigation:admiralty manual of navigation, Vol. 2 /
260 ## - PUBLICATION, DISTRIBUTION, ETC. (IMPRINT)
Place of publication, distribution, etc United Kingdom:
Name of publisher, distributor, etc Nautical Institute,
Date of publication, distribution, etc 2004.
300 ## - PHYSICAL DESCRIPTION
Extent vi, 321p.
650 #0 - SUBJECT ADDED ENTRY--TOPICAL TERM
Topical term or geographic name as entry element Navigation--Safety measures
942 ## - ADDED ENTRY ELEMENTS (KOHA)
Item type Books
Holdings
Withdrawn status Lost status Source of classification or shelving scheme Damaged status Not for loan Permanent location Current location Date acquired Source of acquisition Full call number Barcode Date last seen Cost, replacement price Koha item type Cost, normal purchase price
          IMU Kolkata IMU Kolkata 2010-05-13 Shroff Publishers 623.89 R8884 11120 2020-03-18 4765.00 Books  
          IMU Kolkata IMU Kolkata 2020-07-28 15     2020-07-28 4765.00 Books 4765.00
Designed and Maintained by IMU-KC Library, Kolkata Campus © Copyright All Rights Reserved

webs counters

Powered by Koha